[Event "Liverpool Open"]
[Site "?"]
[Date "2007.09.05"]
[Round "4.1"]
[White "Greet, Andrew"]
[Black "Haslinger, Stewart"]
[Result "1/2-1/2"]
[WhiteElo "2441"]
[BlackElo "2468"]
[PlyCount "83"]
[EventDate "2007.09.06"]
[SourceDate "2007.09.06"]

1. d4 d5 2. c4 c6 3. Nf3 Nf6 4. Nc3 e6 5. cxd5 exd5 6. Bg5 Nbd7 7. e3 Be7 8.
Qc2 O-O 9. Bd3 Re8 10. O-O Nf8 11. Rab1 Bd6 12. b4 Bg4 13. Nd2 Bh5 14. Bh4 a6
15. a4 Bg6 16. b5 axb5 17. axb5 Ra3 18. bxc6 bxc6 19. Bg3 Ng4 20. Bxg6 Nxg6 21.
Nf3 Bxg3 {(=)} 22. hxg3 Qa5 23. Ne2 Qa6 24. Rb2 Ne7 25. Rfb1 g6 26. Nf4 Ra8 27.
Rb7 Ra2 28. Qd3 Ra1 29. Qxa6 R8xa6 30. Nd3 f6 31. Nh2 Nxh2 32. Kxh2 Rxb1 33.
Rxb1 Ra2 34. g4 Rd2 35. Rb3 Kf7 36. Kg3 h5 37. gxh5 gxh5 38. Kf3 Nf5 39. Rb7+
Ke8 40. Nf4 Nh4+ 41. Kg3 Nf5+ 42. Kf3 1/2-1/2

[Event "Liverpool Open"]
[Site "?"]
[Date "2007.09.05"]
[Round "4.2"]
[White "Fridman, Daniel"]
[Black "Sebenik, Matej"]
[Result "1/2-1/2"]
[WhiteElo "2628"]
[BlackElo "2465"]
[PlyCount "143"]
[EventDate "2007.09.06"]
[SourceDate "2007.09.06"]

1. d4 d6 2. e4 Nf6 3. Bd3 g6 4. c3 Bg7 5. Nf3 O-O 6. O-O Nbd7 7. Na3 e5 8. h3
h6 9. dxe5 Nxe5 10. Nxe5 dxe5 11. Be3 b6 12. Bb5 Bb7 13. Qxd8 Rfxd8 14. f3 Ne8
15. Rad1 Nd6 16. Be2 Bc6 17. Ba6 Bf8 18. Nc2 Ba4 19. Rd2 f5 20. Rfd1 Bxc2 21.
Rxc2 fxe4 22. fxe4 Nxe4 23. Re1 Nd6 24. Bf2 Bg7 25. Bg3 Re8 {(=)} 26. Rce2 Re7
27. Bxe5 Rxe5 28. Rxe5 Bxe5 29. Rxe5 Kf7 30. Kf2 Kf6 31. Re2 Re8 32. Rxe8 Nxe8
33. Bb5 Nd6 34. Bc6 Kf5 35. g3 g5 36. Ba4 c5 37. Bc2+ Ke5 38. Bd3 Ne4+ 39. Kf3
Nf6 40. Be2 Ne4 41. Bd3 Nf6 42. Bg6 Kd5 43. Ke3 Ke5 44. a4 Nd5+ 45. Ke2 Ne7 46.
Bd3 Nd5 47. Bc4 Nf6 48. Kf3 Kd6 49. Bb3 Ke5 50. Bf7 Ne4 51. Bg6 Nf6 52. Bb1 Ne8
53. Bd3 Nf6 54. Bg6 Nd5 55. Ke2 Ne7 56. Bb1 Nf5 57. Kf3 Nd6 58. Kg4 Kf6 59. Ba2
Nf5 60. Bb3 c4 61. Ba2 Ne3+ 62. Kf3 Nd1 63. Bxc4 Nxb2 64. Bb3 Nd3 65. Ke3 Nc5
66. Bc2 Ke5 67. Kf3 Nd7 68. Ke3 Nf6 69. Bg6 Nd7 70. Be8 Nf6 71. Bg6 Nd7 72. Be8
1/2-1/2

[Event "Liverpool Open"]
[Site "?"]
[Date "2007.09.05"]
[Round "4.3"]
[White "Hebden, Mark"]
[Black "Smerdon, David"]
[Result "0-1"]
[WhiteElo "2540"]
[BlackElo "2461"]
[PlyCount "94"]
[EventDate "2007.09.06"]
[SourceDate "2007.09.06"]

1. d4 Nf6 2. Nf3 d5 3. c4 e6 4. Bg5 Bb4+ 5. Nbd2 dxc4 6. a3 Bxd2+ 7. Bxd2 b5 8.
e3 c6 9. a4 Nbd7 10. axb5 cxb5 11. b3 cxb3 12. Ba5 Nb6 13. Bxb5+ Bd7 14. Bxd7+
Qxd7 15. Qxb3 O-O 16. Ne5 Qb7 17. O-O Rab8 18. Rfb1 Nfd7 19. Bb4 Rfc8 20. Bd6
Ra8 21. Nd3 Qc6 22. Bg3 a5 23. Rc1 a4 24. Qb4 Qe4 25. Rxc8+ Rxc8 26. Ne5 Nxe5
27. Qxb6 Nd3 28. Qb5 a3 29. h4 h5 30. Kh2 Rc1 31. Rxc1 Nxc1 32. Qe8+ Kh7 33.
Qxf7 Qf5 34. Qa7 Qf8 35. e4 Nd3 36. d5 exd5 37. exd5 Qc5 38. Qf7 a2 39. Qxh5+
Kg8 40. Qe8+ Kh7 41. Qe4+ Kh8 42. Qe8+ Kh7 43. d6 a1=Q 44. d7 Nxf2 45. Bxf2
Qae5+ 46. Bg3 Qed4 47. Bf2 Qcd6+ 0-1

[Event "Liverpool Open"]
[Site "?"]
[Date "2007.09.05"]
[Round "4.4"]
[White "David, Alberto"]
[Black "Owen, Dennis"]
[Result "1-0"]
[WhiteElo "2529"]
[BlackElo "1784"]
[PlyCount "43"]
[EventDate "2007.09.06"]
[SourceDate "2007.09.06"]

1. e4 c6 2. d4 d5 3. e5 Bf5 4. Nc3 e6 5. g4 Bg6 6. Nge2 h6 7. h4 Nd7 8. Be3 Be7
9. h5 Bh7 10. Qd2 Qc7 11. f4 O-O-O 12. Bg2 Nb6 13. b3 Ba3 14. Rd1 Be7 15. Ng3
Qd7 16. Nce2 Rf8 17. f5 Kb8 18. O-O exf5 19. gxf5 g6 20. e6 fxe6 21. fxg6 Bxg6
22. hxg6 1-0

[Event "Liverpool Open"]
[Site "?"]
[Date "2007.09.05"]
[Round "4.5"]
[White "Reppen, Ellisiv"]
[Black "Miezis, Normunds"]
[Result "0-1"]
[WhiteElo "1922"]
[BlackElo "2524"]
[PlyCount "74"]
[EventDate "2007.09.06"]
[SourceDate "2007.09.06"]

1. e4 c5 2. Nf3 e6 3. d4 cxd4 4. Nxd4 a6 5. Nc3 Qc7 6. Bd3 Nc6 7. Nb3 Nf6 8.
O-O b5 9. f4 b4 10. e5 bxc3 11. exf6 gxf6 12. bxc3 Bb7 13. Be4 f5 14. Bf3 Ne7
15. Bxb7 Qxb7 16. Qf3 Qxf3 17. Rxf3 Rc8 18. Nd4 Bg7 19. Rb1 Nd5 20. Ne2 O-O 21.
Bd2 Rc4 22. Rb3 Rfc8 23. Kf1 Ra4 24. a3 Nf6 25. Ng3 d5 26. Ke2 Kf8 27. Kd1 Nd7
28. Bc1 a5 29. Bb2 Ke7 30. Ne2 Nc5 31. Rb5 Ne4 32. Rb7+ Kf8 33. Kc1 Rac4 34.
Rb5 d4 35. cxd4 Rxc2+ 36. Kd1 Rd2+ 37. Ke1 Rcc2 0-1

[Event "Liverpool Open"]
[Site "?"]
[Date "2007.09.05"]
[Round "4.6"]
[White "Ravi, Lanka"]
[Black "Ghaem Maghami, Ehsan"]
[Result "1/2-1/2"]
[WhiteElo "2404"]
[BlackElo "2610"]
[PlyCount "28"]
[EventDate "2007.09.06"]
[SourceDate "2007.09.06"]

1. d4 Nf6 2. Nf3 c5 3. d5 b5 4. Bg5 d6 5. Bxf6 exf6 6. e4 Bd7 7. Nc3 a6 8. a4
b4 9. Nb1 g6 10. Nbd2 Bg7 11. Nc4 O-O 12. Bd3 Qc7 13. h3 a5 14. O-O Bc8 1/2-1/2

[Event "Liverpool Open"]
[Site "?"]
[Date "2007.09.05"]
[Round "4.7"]
[White "Berg, Emanuel"]
[Black "Rudd, Jack"]
[Result "1-0"]
[WhiteElo "2580"]
[BlackElo "2370"]
[PlyCount "59"]
[EventDate "2007.09.06"]
[SourceDate "2007.09.06"]

1. e4 e5 2. Nf3 Nc6 3. Bb5 a6 4. Ba4 Nf6 5. d3 b5 6. Bb3 Bc5 7. O-O d6 8. c3
Bg4 9. Re1 O-O 10. h3 Bh5 11. Bg5 Rb8 12. g4 Bg6 13. Nbd2 Bb6 14. Nf1 Na5 15.
Bc2 h6 16. Bh4 Bh7 17. Qd2 c5 18. Ng3 Kh8 19. Nf5 Bxf5 20. gxf5 Qe7 21. Kh1 Bd8
22. Rg1 Qc7 23. Rg2 Nh7 24. Rag1 f6 25. b4 cxb4 26. cxb4 Nc6 27. Rg6 Ng5 28.
Bb3 Ne7 29. Bxg5 fxg5 30. Rxg7 1-0

[Event "Liverpool Open"]
[Site "?"]
[Date "2007.09.05"]
[Round "4.8"]
[White "Lie, Kjetil A"]
[Black "Wu Li"]
[Result "1/2-1/2"]
[WhiteElo "2536"]
[BlackElo "2314"]
[PlyCount "63"]
[EventDate "2007.09.06"]
[SourceDate "2007.09.06"]

1. c4 g6 2. g3 Bg7 3. Bg2 d6 4. Nc3 Nf6 5. e4 c5 6. Nge2 Nc6 7. O-O O-O 8. d3
a6 9. Rb1 Rb8 10. a4 Ne8 11. Be3 Bg4 12. f3 Bd7 13. Qd2 Nc7 14. Bh6 Ne6 15.
Bxg7 Kxg7 16. f4 Ned4 17. Nxd4 Nxd4 18. b4 b5 19. axb5 axb5 20. f5 f6 21. fxg6
hxg6 22. bxc5 b4 23. Nd5 dxc5 24. e5 Bc6 25. exf6+ exf6 26. Nf4 Bxg2 27. Qxg2
Qd6 28. Rf2 Ne6 29. Nd5 Nc7 30. Nf4 Ne6 31. Nd5 Nc7 32. Nf4 1/2-1/2

[Event "Liverpool Open"]
[Site "?"]
[Date "2007.09.05"]
[Round "4.9"]
[White "Gormally, Daniel"]
[Black "James, David"]
[Result "1-0"]
[WhiteElo "2509"]
[BlackElo "2220"]
[PlyCount "65"]
[EventDate "2007.09.06"]
[SourceDate "2007.09.06"]

1. e4 c5 2. Nf3 d6 3. d4 cxd4 4. Nxd4 Nf6 5. Nc3 a6 6. Bg5 e6 7. f4 Be7 8. Qf3
Nbd7 9. O-O-O Qc7 10. g4 b5 11. Bxf6 Nxf6 12. g5 Nd7 13. f5 Bxg5+ 14. Kb1 Ne5
15. Qh5 Qd8 16. Nxe6 Bxe6 17. fxe6 O-O 18. Rg1 Bf6 19. exf7+ Rxf7 20. Bh3 Rf8
21. Nd5 Qe8 22. Qe2 Ng6 23. c3 Bd8 24. Qc2 Ra7 25. Bf5 Nh4 26. Nf4 Re7 27. Rg4
Nxf5 28. exf5 Re1 29. Ne6 Rxe6 30. fxe6 Qxe6 31. Re4 Qg6 32. a4 bxa4 33. Rxa4
1-0

[Event "Liverpool Open"]
[Site "?"]
[Date "2007.09.05"]
[Round "4.10"]
[White "Lalic, Bogdan"]
[Black "Jowett, Peter"]
[Result "1-0"]
[WhiteElo "2509"]
[BlackElo "2196"]
[PlyCount "69"]
[EventDate "2007.09.06"]
[SourceDate "2007.09.06"]

1. d4 c5 2. d5 Nf6 3. Nc3 d6 4. e4 g6 5. Nf3 Bg7 6. Bb5+ Bd7 7. a4 O-O 8. h3
Na6 9. Be2 Nc7 10. O-O a6 11. Re1 b5 12. Bf1 b4 13. Nb1 e6 14. dxe6 Bxe6 15.
Nbd2 d5 16. exd5 Bxd5 17. Nc4 Bxc4 18. Bxc4 Qxd1 19. Rxd1 Rfd8 20. Bf4 Ncd5 21.
Bg3 a5 22. Rd3 Nb6 23. Rxd8+ Rxd8 24. Bc7 Nxc4 25. Bxd8 Ne4 26. Re1 f5 27. b3
Na3 28. Re2 Nc3 29. Re8+ Kf7 30. Re7+ Kg8 31. Ne5 Bxe5 32. Rxe5 c4 33. Bxa5
Nxc2 34. bxc4 Nxa4 35. Rb5 1-0

[Event "Liverpool Open"]
[Site "?"]
[Date "2007.09.05"]
[Round "4.11"]
[White "Storey, Charles"]
[Black "Meijers, Viesturs"]
[Result "1/2-1/2"]
[WhiteElo "2218"]
[BlackElo "2483"]
[PlyCount "141"]
[EventDate "2007.09.06"]
[SourceDate "2007.09.06"]

1. e4 c5 2. Nf3 e6 3. d4 cxd4 4. Nxd4 a6 5. Bd3 Qc7 6. O-O Nf6 7. c3 b6 8. Bg5
Bb7 9. Nd2 Be7 10. Qe2 d6 11. Rae1 Nbd7 12. f4 h6 13. Bh4 Nc5 14. Bc2 Nfxe4 15.
Bxe7 Nxd2 16. Qxd2 Kxe7 17. b4 Nd7 18. Nf5+ Kf8 19. Nxd6 Bd5 20. f5 Nf6 21. c4
e5 22. cxd5 Qxd6 23. Bb3 Ke7 24. Rf3 Rhd8 25. Rfe3 Kf8 26. h3 e4 27. Qd4 Rac8
28. Rf1 a5 29. a3 Rc7 30. Rd1 Rdc8 31. Qd2 axb4 32. axb4 Rd8 33. Qd4 b5 34. Rc3
Rxc3 35. Qxc3 Kg8 36. Ba2 Qd7 37. Qc5 Rc8 38. Qf2 Qd6 39. Qd4 Qg3 40. Bb1 e3
41. Qb2 Nxd5 42. Rxd5 Qe1+ 43. Kh2 Re8 44. Bd3 Qh4 45. Qd4 Qxd4 46. Rxd4 e2 47.
Bxe2 Rxe2 48. Rd8+ Kh7 49. Rd5 h5 50. Kg3 Kh6 51. Rxb5 Re4 52. h4 f6 53. Kh3
Rc4 54. Rb8 Kh7 55. g3 Rc2 56. Rd8 Rc4 57. Rb8 Rc2 58. Rb5 Rb2 59. Rb7 Rc2 60.
Rb6 Rb2 61. b5 Rf2 62. Rb8 Rxf5 63. Kg2 Rc5 64. b6 Rb5 65. Kf3 Rb3+ 66. Kf4 Kg6
67. Ke4 Rxg3 68. Kd5 Rb3 69. Kc6 Kf5 70. Rd8 Kg4 71. Rd4+ {
remaining moves illegible} 1/2-1/2

[Event "Liverpool Open"]
[Site "?"]
[Date "2007.09.05"]
[Round "4.12"]
[White "Williams, Simon Kim"]
[Black "Yeo, Michael J"]
[Result "1-0"]
[WhiteElo "2480"]
[BlackElo "2153"]
[PlyCount "249"]
[EventDate "2007.09.06"]
[SourceDate "2007.09.06"]

1. d4 d5 2. c4 e5 3. dxe5 d4 4. e4 Nc6 5. f4 f6 6. exf6 Bb4+ 7. Nd2 Nxf6 8. Bd3
O-O 9. Ngf3 Ng4 10. a3 Bd6 11. e5 Bxe5 12. fxe5 Ncxe5 13. Ne4 Nxf3+ 14. gxf3
Qh4+ 15. Kd2 Ne3 16. Qe1 Qf4 17. Qg3 Nf1+ 18. Kc2 Nxg3 19. Bxf4 Nxe4 20. Bxc7
Nf2 21. Rhf1 Rxf3 22. Bg3 Rxd3 23. Rxf2 Re3 24. Rd1 d3+ 25. Rxd3 Rxd3 26. Kxd3
g6 27. Re2 Bf5+ 28. Kc3 Kf7 29. Bf2 a6 30. Bd4 Re8 31. Be5 Ke6 32. b4 Bg4 33.
Re1 Bf3 34. Bd4+ Kd7 35. Rf1 Bc6 36. Bc5 Ke6 37. Rf2 Rd8 38. Bd4 Rd7 39. Re2+
Kf5 40. b5 axb5 41. cxb5 Bf3 42. Re8 g5 43. a4 Rc7+ 44. Kd3 Rc1 45. Rf8+ Kg4
46. Be5 Bg2 47. Rf2 Kh3 48. Rf5 Kg4 49. Rf2 Kh3 50. Rb2 Re1 51. Bc7 h5 52. a5
Be4+ 53. Kd4 h4 54. b6 g4 55. Rb3+ Kg2 56. a6 bxa6 57. b7 Bxb7 58. Rxb7 g3 59.
hxg3 h3 60. g4 Kf3 61. g5 Rd1+ 62. Kc5 Rg1 63. Rb3+ Ke4 64. Rxh3 Rxg5+ 65. Kc4
Rg6 66. Rh4+ Ke3 67. Be5 Kf3 68. Kd5 Ke3 69. Rh3+ Kd2 70. Bd4 Ke2 71. Re3+ Kd2
72. Rf3 Ke2 73. Re3+ Kd2 74. Ra3 Ke2 75. Kc4 Rc6+ 76. Bc5 Re6 77. Kd5 Rg6 78.
Bd6 Rg8 79. Ke4 Kd2 80. Ra2+ Kc3 81. Be5+ Kc4 82. Rc2+ Kb3 83. Rc6 Re8 84. Kd4
Rd8+ 85. Bd6 Rd7 86. Kd3 Rb7 87. Rc3+ Kb2 88. Ba3+ Kb1 89. Bc5 Kb2 90. Rc2+ Kb3
91. Bd4 Rb5 92. Rc1 Kb4 93. Rc4+ Kb3 94. Bc5 Kb2 95. Rc2+ Kb3 96. Rc3+ Kb2 97.
Ba3+ Kb1 98. Kc4 Rb7 99. Rg3 Kc2 100. Rg2+ Kd1 101. Bb4 Rc7+ 102. Kb3 Rd7 103.
Bc3 Rd8 104. Kc4 Rd7 105. Bd4 Ke1 106. Kd3 Rf7 107. Rg1+ Rf1 108. Rg6 Rf7 109.
Rxa6 Kf1 110. Rg6 Ke1 111. Rg1+ Rf1 112. Rg2 Rf7 113. Bc5 Rf5 114. Be3 Rf7 115.
Ra2 Kf1 116. Ke4 Ke1 117. Bf4 Re7+ 118. Kf3 Kd1 119. Rd2+ Ke1 120. Rd6 Kf1 121.
Rd5 Re8 122. Rh5 Rg8 123. Rh7 Rg6 124. Be5 Ke1 125. Rd7 1-0

[Event "Liverpool Open"]
[Site "?"]
[Date "2007.09.05"]
[Round "4.14"]
[White "Glud, Jakob Vang"]
[Black "Williamson, Roger"]
[Result "1-0"]
[WhiteElo "2435"]
[BlackElo "2129"]
[PlyCount "157"]
[EventDate "2007.09.06"]
[SourceDate "2007.09.06"]

1. d4 d5 2. Nf3 Nf6 3. c4 c6 4. e3 a6 5. Bd3 Bg4 6. Qb3 Bxf3 7. gxf3 Qc7 8. Nc3
e6 9. Bd2 Nbd7 10. Rc1 Qb6 11. Qxb6 Nxb6 12. c5 Nbd7 13. f4 Be7 14. b4 O-O 15.
a4 Rfb8 16. Na2 Ne8 17. f3 g6 18. Ke2 f6 19. Rhg1 Kf7 20. Rc2 Nc7 21. Rb1 e5
22. f5 Nf8 23. Nc3 exd4 24. exd4 gxf5 25. Bxf5 Nce6 26. Kd3 Re8 27. Re1 Ng7 28.
Bh3 Nfe6 29. Bh6 f5 30. Rg1 Bf6 31. Ne2 Re7 32. Be3 Rae8 33. Bf2 Nh5 34. Bxf5
Nxc5+ 35. bxc5 Rxe2 36. Rf1 Nf4+ 37. Kc3 Rxf2 38. Rfxf2 Re3+ 39. Kb4 Bxd4 40.
Rfd2 Bf6 41. a5 h6 42. Ka4 Re1 43. Ra2 Bc3 44. Rdc2 d4 45. Ra3 Nd5 46. Be4 Ke6
47. Rb3 Ke5 48. Ra2 Nc7 49. Rxb7 Ne6 50. Re7 Kf6 51. Rxe6+ Kxe6 52. Kb3 Kd7 53.
Rg2 Rc1 54. Rg7+ Kd8 55. Rg6 Bxa5 56. Rxc6 Bc7 57. Bc2 a5 58. Rxh6 d3 59. Bxd3
Rxc5 60. h4 Be5 61. Be4 Ke7 62. h5 Kf7 63. Ra6 Bc7 64. h6 Be5 65. h7 Rc8 66.
Rxa5 Bh8 67. Rg5 Ke7 68. Rg8 Rf8 69. Kc4 Ba1 70. Kd3 Bh8 71. Ke2 Ba1 72. Kf1
Bh8 73. Kg2 Ba1 74. Kh3 Bh8 75. Kg4 Ba1 76. Kh5 Bh8 77. Kg5 Ba1 78. Kh6 Bh8 79.
Rxh8 1-0

[Event "Liverpool Open"]
[Site "?"]
[Date "2007.09.05"]
[Round "4.15"]
[White "Mikkelsen, Nikolaj"]
[Black "Ciuksyte, Dagne"]
[Result "1-0"]
[WhiteElo "2303"]
[BlackElo "2426"]
[PlyCount "71"]
[EventDate "2007.09.06"]
[SourceDate "2007.09.06"]

1. e4 c5 2. Nf3 e6 3. d4 cxd4 4. Nxd4 a6 5. Bd3 Bc5 6. Nb3 Be7 7. Qg4 g6 8. Qe2
d6 9. O-O Nd7 10. Na3 Ne5 11. Nc4 Nxc4 12. Bxc4 Bd7 13. Bd2 Nf6 14. Nd4 O-O 15.
Rfe1 Rc8 16. Bb3 Qb6 17. Bc3 Qc5 18. Rad1 Rfd8 19. a3 a5 20. a4 d5 21. exd5
Nxd5 22. Bxd5 Qxd5 23. Nb3 Qg5 24. Rd4 Bc6 25. Rg4 Qh5 26. Nxa5 Bxa4 27. Rxa4
Qxe2 28. Rxe2 Rxc3 29. f3 Rc7 30. Rc4 Rxc4 31. Nxc4 Bf6 32. Ne5 Rd1+ 33. Kf2
Kf8 34. Nd3 Ke7 35. Re4 Rd2+ {remaining moves illegible} 36. Re2 1-0

[Event "Liverpool Open"]
[Site "?"]
[Date "2007.09.05"]
[Round "4.16"]
[White "Atako, Chino"]
[Black "Palliser, Richard"]
[Result "0-1"]
[WhiteElo "2181"]
[BlackElo "2417"]
[PlyCount "83"]
[EventDate "2007.09.06"]
[SourceDate "2007.09.06"]

1. e4 c5 2. Nc3 Nc6 3. f4 e6 4. Nf3 d5 5. Bb5 Nge7 6. exd5 exd5 7. Ne5 g6 8.
Qe2 Be6 9. O-O Bg7 10. d3 O-O 11. Bxc6 Nxc6 12. Nxc6 bxc6 13. Bd2 Re8 14. Qf3
c4 15. Kh1 cxd3 16. cxd3 Qh4 17. h3 d4 18. Ne4 Bd5 19. b4 f5 20. Qg3 Qh5 21.
Ng5 Re2 22. Rf2 Rae8 23. Nf3 Bxf3 24. gxf3 Rxf2 25. Qxf2 Qxh3+ 26. Kg1 Bf6 27.
Re1 Rxe1+ 28. Bxe1 Kf7 29. a4 a6 30. Qa2+ Kg7 31. Qf2 Kh6 32. Bd2 Kh5 33. Qh2
Qxh2+ 34. Kxh2 Bh4 35. Kg2 Be7 36. Kf1 Bd6 37. Kg2 Kh6 38. Kh3 Kg7 39. Kh2 Kf6
40. Kh3 Ke6 41. Kh4 h6 42. Kh3 {remaining moves illegible} 0-1

[Event "Liverpool Open"]
[Site "?"]
[Date "2007.09.05"]
[Round "4.17"]
[White "Armstrong, Malcolm"]
[Black "Rendle, Thomas"]
[Result "0-1"]
[WhiteElo "2126"]
[BlackElo "2416"]
[PlyCount "64"]
[EventDate "2007.09.06"]
[SourceDate "2007.09.06"]

1. d4 f5 2. Nf3 Nf6 3. Bg5 e6 4. Nbd2 Be7 5. c3 b6 6. e3 Bb7 7. Bd3 Ne4 8. Bxe7
Qxe7 9. O-O O-O 10. Qc2 Nxd2 11. Nxd2 Qg5 12. e4 f4 13. f3 e5 14. a4 a5 15. Nc4
d6 16. Rfd1 Nd7 17. dxe5 dxe5 18. Nxa5 Bc8 {(=)} 19. Bc4+ Kh8 20. Nb3 Nf6 21.
a5 bxa5 22. Rxa5 Bb7 23. Rxa8 Bxa8 24. Nc5 Qh5 25. Nd7 Bxe4 26. fxe4 Ng4 27. h3
Ne3 28. Qe2 f3 29. Qxe3 f2+ 30. Kh2 Qxd1 31. Nxf8 Qg1+ 32. Kg3 f1=N+ 0-1

[Event "Liverpool Open"]
[Site "?"]
[Date "2007.09.05"]
[Round "4.18"]
[White "Ansell, Simon"]
[Black "Minnican, Alan William"]
[Result "1-0"]
[WhiteElo "2405"]
[BlackElo "2110"]
[PlyCount "55"]
[EventDate "2007.09.06"]
[SourceDate "2007.09.06"]

1. e4 c5 2. Nf3 g6 3. d4 cxd4 4. Qxd4 Nf6 5. e5 Nc6 6. Qa4 Nd5 7. Qe4 Nc7 8.
Bf4 Ne6 9. Bc4 Bg7 10. Bxe6 dxe6 11. Nc3 O-O 12. h4 f5 13. Qe3 Nb4 14. Rc1 Nd5
15. Nxd5 exd5 16. h5 Qb6 17. Qd2 Rd8 18. hxg6 Qxg6 19. Rh3 e6 20. Rg3 Qe8 21.
Bh6 Rd7 22. c4 Kh8 23. Bxg7+ Rxg7 24. Rxg7 Kxg7 25. cxd5 Bd7 26. dxe6 Bc6 27.
Nd4 Rd8 28. Qg5+ 1-0

[Event "Liverpool Open"]
[Site "?"]
[Date "2007.09.05"]
[Round "4.19"]
[White "Dgebuadze, Alexandre"]
[Black "Taylor, Edward"]
[Result "1-0"]
[WhiteElo "2508"]
[BlackElo "2072"]
[PlyCount "59"]
[EventDate "2007.09.06"]
[SourceDate "2007.09.06"]

1. e4 d5 2. exd5 Nf6 3. c4 e6 4. dxe6 Bxe6 5. Nf3 Nc6 6. Be2 Bc5 7. O-O Qd7 8.
b4 Bd4 9. Nc3 O-O 10. Bb2 Rad8 11. Rb1 Qe7 12. b5 Na5 13. Nxd4 Rxd4 14. Nd5
Rxd5 15. cxd5 Bxd5 16. Bf3 c6 17. Bxd5 Nxd5 18. Qa4 Qc7 19. Qd4 f6 20. Rfe1 Nb6
21. Rbc1 Qf7 22. Bc3 Re8 23. Rxe8+ Qxe8 24. bxc6 Nxc6 25. Qe3 Qf7 26. h3 h6 27.
Bd4 Nd5 28. Qb3 Kh8 29. Bxa7 Nxa7 30. Rc5 1-0

[Event "Liverpool Open"]
[Site "?"]
[Date "2007.09.05"]
[Round "4.20"]
[White "Madan, Augustin"]
[Black "Golam, Ali"]
[Result "1-0"]
[WhiteElo "2425"]
[BlackElo "1816"]
[PlyCount "101"]
[EventDate "2007.09.06"]
[SourceDate "2007.09.06"]

1. e4 c5 2. Nc3 d6 3. f4 Nc6 4. Nf3 e6 5. d4 cxd4 6. Nxd4 a6 7. Be3 Qc7 8. Be2
Nf6 9. a4 Be7 10. O-O O-O 11. Kh1 Bd7 12. Nb3 Na5 13. e5 Ne8 14. Nxa5 Qxa5 15.
Bf3 Qc7 16. a5 Bc6 17. Bb6 Qd7 18. Ne4 Rc8 19. Rf2 f5 20. Nc5 dxc5 21. Rd2 Nd6
22. exd6 Bf6 23. c3 Bd8 24. Ba7 g5 25. b4 cxb4 26. cxb4 Bf6 27. Ra3 gxf4 28.
Bc5 Kh8 29. Bxc6 Rxc6 30. Qf3 e5 31. Qd5 Rcc8 32. g3 fxg3 33. hxg3 Rg8 34. Rf3
Rg6 35. Re2 Qg7 36. Qe6 Rg8 37. Qxf5 Qh6+ 38. Kg2 Qh4 39. Qh3 Qc4 40. Ree3 e4
41. Rf4 Be5 42. Qh4 Bxf4 43. Qxf4 Qc2+ 44. Qf2 Qxf2+ 45. Kxf2 h5 46. Rxe4 Rxg3
47. Bd4+ Kh7 48. Re7+ Kh6 49. Be3+ R3g5 50. Re5 h4 51. Rxg5 1-0

[Event "Liverpool Open"]
[Site "?"]
[Date "2007.09.05"]
[Round "4.21"]
[White "McNab, Colin Anderson"]
[Black "Brocklebank, Peter"]
[Result "1-0"]
[WhiteElo "2416"]
[BlackElo "1810"]
[PlyCount "77"]
[EventDate "2007.09.06"]
[SourceDate "2007.09.06"]

1. c4 Nf6 2. Nf3 e6 3. g3 c5 4. Bg2 Nc6 5. O-O Be7 6. b3 O-O 7. Bb2 d5 8. e3 b6
9. Qe2 Bb7 10. Rd1 Qc7 11. Nc3 Rad8 12. cxd5 exd5 13. Rac1 Qb8 14. Na4 Rfe8 15.
d4 cxd4 16. Nxd4 Nxd4 17. Bxd4 Ne4 18. Qb2 Nf6 19. Nc3 Ng4 20. h3 Nh6 21. Nb5
Nf5 22. Be5 Ba3 23. Bxb8 Bxb2 24. Rc2 Rxb8 25. Rxb2 d4 26. Nxd4 Bxg2 27. Kxg2
Nxd4 28. Rxd4 Rb7 29. Rbd2 Kf8 30. Rd7 Re7 31. Rd8+ Re8 32. R2d7 Rxd7 33. Rxd7
Ra8 34. Rb7 g6 35. e4 Kg7 36. e5 Re8 37. f4 h5 38. Rxa7 Re6 39. Kf3 1-0

[Event "Liverpool Open"]
[Site "?"]
[Date "2007.09.05"]
[Round "4.22"]
[White "Quillan, Gary"]
[Black "Potter, Steven"]
[Result "1-0"]
[WhiteElo "2359"]
[BlackElo "1648"]
[PlyCount "59"]
[EventDate "2007.09.06"]
[SourceDate "2007.09.06"]

1. e4 b6 2. d4 Bb7 3. Nd2 e6 4. Ngf3 Nf6 5. Bd3 d6 6. O-O Nbd7 7. Re1 Be7 8.
Qe2 e5 9. Nc4 O-O 10. dxe5 Nxe5 11. Nfxe5 dxe5 12. Nxe5 Bc5 13. Bg5 Bc8 14. Bc4
Qd4 15. Nf3 Qxb2 16. Rab1 Qa3 17. Rb3 Qa5 18. Bxf6 gxf6 19. Nd2 Bd6 20. Bd5 Rb8
21. Nc4 Qa4 22. Nxd6 cxd6 23. Qh5 Qd4 24. Qh6 Bg4 25. h3 f5 26. hxg4 fxg4 27.
Rg3 Qg7 28. Qxg7+ Kxg7 29. Rxg4+ Kf6 30. Rf4+ 1-0

[Event "Liverpool Open"]
[Site "?"]
[Date "2007.09.05"]
[Round "4.23"]
[White "Goodger, Martyn"]
[Black "Ak Hirwan, Omar"]
[Result "1-0"]
[WhiteElo "2093"]
[BlackElo "2344"]
[PlyCount "89"]
[EventDate "2007.09.06"]
[SourceDate "2007.09.06"]

1. e4 c5 2. Nf3 d6 3. Bc4 e6 4. O-O Nf6 5. d3 Be7 6. Bb3 O-O 7. c3 Nc6 8. Re1
Qc7 9. d4 cxd4 10. cxd4 e5 11. h3 Na5 12. Bc2 b6 13. Nc3 Bd7 14. Bd3 Nc6 15.
Be3 Rfe8 16. Rc1 Qd8 17. d5 Nb4 18. Bf1 a5 19. Nd2 Nxe4 20. Ndxe4 f5 21. Nd2 f4
22. Bxf4 exf4 23. Qf3 Rf8 24. a3 Na6 25. Bxa6 Rxa6 26. Qe2 Bg5 27. Qxa6 f3 28.
Nce4 Bxd2 29. Nxd2 Qg5 30. Nxf3 Rxf3 31. Rc8+ Bxc8 32. Qxc8+ Rf8 33. Qe6+ Kh8
34. Qxd6 Qf5 35. Re2 h6 36. Qe6 Qb1+ 37. Kh2 Qf1 38. d6 Rd8 39. Rd2 Qc1 40. Qd5
Qc8 41. d7 Qc7+ 42. g3 a4 43. Qd6 Qc1 44. Qd3 Rf8 45. d8=Q 1-0

[Event "Liverpool Open"]
[Site "?"]
[Date "2007.09.05"]
[Round "4.24"]
[White "Wilson, Alexandra"]
[Black "Carleton, John J"]
[Result "1/2-1/2"]
[WhiteElo "2066"]
[BlackElo "2322"]
[PlyCount "66"]
[EventDate "2007.09.06"]
[SourceDate "2007.09.06"]

1. e4 Nf6 2. e5 Nd5 3. d4 d6 4. c4 Nb6 5. exd6 cxd6 6. Nc3 g6 7. Be2 Bg7 8. h3
O-O 9. Nf3 Nc6 10. O-O Bf5 11. Be3 d5 12. b3 dxc4 13. bxc4 Na5 14. c5 Nbc4 15.
Bxc4 Nxc4 16. Bf4 b6 17. Qe2 Na5 18. cxb6 axb6 19. Rac1 Bc8 20. Rfd1 Ba6 21.
Nb5 Qd7 22. a4 Rfc8 23. Ne5 Qd5 24. Qb2 Bb7 25. f3 Rxc1 26. Rxc1 Rd8 27. Rc7
Bf8 28. Bd2 Nc6 29. Nxf7 Kxf7 30. Rxb7 Bg7 31. Bc3 Nxd4 32. Bxd4 Bxd4+ 33. Qxd4
Qxd4+ 1/2-1/2

[Event "Liverpool Open"]
[Site "?"]
[Date "2007.09.05"]
[Round "4.25"]
[White "Pass, Deborah"]
[Black "Weeks, Manuel William"]
[Result "1/2-1/2"]
[WhiteElo "2044"]
[BlackElo "2200"]
[PlyCount "40"]
[EventDate "2007.09.06"]
[SourceDate "2007.09.06"]

1. e4 c5 2. b4 cxb4 3. a3 d5 4. exd5 Nf6 5. Bb5+ Bd7 6. Bc4 Bg4 7. f3 Bf5 8.
axb4 Nxd5 9. Ra5 e6 10. Bxd5 exd5 11. Qe2+ Be6 12. Nc3 Be7 13. Qb5+ Nc6 14.
Nge2 O-O 15. Ra4 Qd7 16. O-O a6 17. Qb6 Rfc8 18. Kh1 Bd8 19. Qf2 b5 20. Ra1 d4
1/2-1/2

[Event "Liverpool Open"]
[Site "?"]
[Date "2007.09.05"]
[Round "4.26"]
[White "Almond, Richard"]
[Black "MacDonald, Paul"]
[Result "1/2-1/2"]
[WhiteElo "2101"]
[BlackElo "1768"]
[PlyCount "90"]
[EventDate "2007.09.06"]
[SourceDate "2007.09.06"]

1. d4 d5 2. c4 c6 3. Nf3 Nf6 4. Nc3 a6 5. c5 Bf5 6. Bf4 Nbd7 7. h3 h6 8. e3 g5
9. Bh2 Bg7 10. Bd3 Bxd3 11. Qxd3 O-O 12. O-O Re8 13. Ne5 Nxe5 14. Bxe5 Nd7 15.
Bxg7 Kxg7 16. f4 f6 17. h4 e5 18. hxg5 hxg5 19. fxe5 fxe5 20. e4 Nf6 21. exd5
Nxd5 22. dxe5 Nf4 23. Qe3 Qe7 24. Rae1 Rad8 25. e6 Qxe6 26. Qxe6 Rxe6 27. g3
Rxe1 28. Rxe1 Ng6 29. Ne4 Rd5 30. Re2 Nf8 31. Kf2 Ne6 32. b4 a5 33. Nd6 Kf6 34.
a3 axb4 35. axb4 Rd4 36. Re4 Rxe4 37. Nxe4+ Ke5 38. Ke3 Nd4 39. Nxg5 Nc2+ 40.
Kd3 Nxb4+ 41. Kc4 Na6 42. Nf7+ Kf5 43. Nd6+ Kg4 44. Nxb7 Kxg3 45. Nd8 Nxc5
1/2-1/2